000 00646nam a2200217 a 4500
003 BD-DhJNU
005 20250513050234.0
008 221117s1986 bg a b 001 0 eng d
020 _a9840510932
040 _aBD-DhJNU
_bENG
_cBD-DhJNU
_dBD-DhJNU
082 0 0 _a307.1 JAR
_223
100 1 _aJansen, Eirik G.
245 1 0 _aRural Bangladesh :
_bcompetition for scarce resources /
_cEirik G. Jansen
260 _aDhaka :
_bUniversity Press,
_cc1987.
300 _axii, 351 p. :
_bill. ;
_c23 cm.
504 _aIncludes bibliographical references and index.
650 0 _aRural poor
650 0 _aLand tenure
650 0 _zBangladesh.
942 _cBK
999 _c1685
_d1685